• 首页
  • 本馆介绍
  • 公告通知
  • 最新文献
  • 馆藏检索
  • 电子资源
  • 读者导购
  • 参考咨询
  • 我的图书馆
  • 登录
  • 详细信息显示
  • 放入我的书架
  • 预约/预借图书
  • 作者相关作品
  • 分类相关作品
  • 丛书相关作品
  • 出版社相关作品

书目信息

  • 表格格式
  • 工作单格式
  • 卡片格式
题名:
甾体化学
    
 
作者: 谭仁祥 主编
分册:  
出版信息: 北京   化学工业出版社  2009
页数: 271页
开本: 26cm
丛书名: 天然产物化学丛书
单 册:
中图分类: O629.2
科图分类:
主题词: 甾族化合物--研究 , 甾族化合物
电子资源:
ISBN: 978-7-122-03624-7
000 00866oam2 2200265 45
001 1033020921
005 20100409104357.43
010    @a978-7-122-03624-7@dCNY46.00
100    @a20100331d2009 em y0chiy50 ea
101 0  @achi
102    @aCN@b110000
105    @ay z 001yy
106    @ar
200 1  @a甾体化学@AZai Ti Hua Xue@f谭仁祥主编@FTan Ren Xiang Zhu Bian
210    @a北京@c化学工业出版社@d2009
215    @a271页@d26cm
225 2  @a天然产物化学丛书
330    @a本书介绍了甾体化合物在动物、植物、微生物和矿物中的分布、结构类型、波谱特征、功能以及生物合成,并精选了若干富有代表性的甾体成分的研究实例。
461  0 @12001 @a天然产物化学丛书
606 0  @a甾族化合物@x研究
606 0  @a甾族化合物
690    @aO629.2@v4
701  0 @a谭仁祥@ATan Ren Xiang@f(1960~)@4主编
801  0 @aCN@bTANGWEI@c20100409
905    @b0587585-89@dO629.2@e12@f5
    
    甾体化学/谭仁祥主编.-北京:化学工业出版社,2009
    271页;26cm.-(天然产物化学丛书)
    
    
    ISBN 978-7-122-03624-7:CNY46.00
    本书介绍了甾体化合物在动物、植物、微生物和矿物中的分布、结构类型、波谱特征、功能以及生物合成,并精选了若干富有代表性的甾体成分的研究实例。
●
相关链接 在E读中查询图书 在五车中查询图书 在当当中查询图书 在豆瓣中查询图书


正题名:甾体化学     索取号:O629.2/12         预约/预借

序号 登录号 条形码 馆藏地/架位号 状态 备注
1 0587585   205875855   第二样本阅览室/ [索取号:O629.2/12] 在馆    
2 0587586   205875864   第三借阅区/ [索取号:O629.2/12] 在馆    
3 0587587   205875873   第三借阅区/ [索取号:O629.2/12] 在馆    
4 0587588   205875882   第三借阅区/ [索取号:O629.2/12] 在馆    
5 0587589   205875891   第三借阅区/ [索取号:O629.2/12] 在馆    
唐山师范学院图书馆 欢迎您!
大连网信软件有限公司© 版权所有